| 000 | 00480nam a2200169Ia 4500 | ||
|---|---|---|---|
| 003 | GCL | ||
| 008 | 140319s9999 xx 000 0 ara d | ||
| 040 |
_aGCL / _cGCL |
||
| 082 | 0 | 4 |
_a249 _bع م |
| 100 | 1 | _aعبدالرحمن بدوى | |
| 245 | 1 | 0 |
_aمن تاريخ الالحاد فى الاسلام / _cعبدالرحمن بدوى |
| 300 | _a268 ص | ||
| 490 |
_a100 قصة _v0 |
||
| 650 | 0 | 4 | _aالاسلام |
| 650 | 0 | 4 | _aالالحاد والملحدون |
| 942 |
_2ddc _cBK |
||
| 999 |
_c43896 _d43896 |
||